000
00339nam a2200157Ia 4500
008
210210b1956 xxu||||| |||| 00| 0 eng d
041
_a
eng
082
_a
869/297
100
_a
SHUKLA (Ar)
245
_a
KahAni ratna
260
_a
Vardh
_b
-
_c
1956
650
_a
ratna
650
_a
KahAni
690
_a
Hindi Fiction
906
_a
024096
999
_c
149058
_d
149058